000 00611nam a2200217 i 4500
001 14542
003 ES-MaACL
005 20230906150833.0
007 t|
008 990422s1997 sp ||||1| spa d
020 _a84-7517-566-X
080 _a821.134.2-14"19"
100 1 _aRiechmann, Jorge.
_997073
245 1 3 _aEl día que dejé de leer El País /
_cJorge Riechmann.
260 _aMadrid :
_bHiperión,
_c[1997]
300 _a123 p. ;
_c20 cm.
490 1 _aPoesía Hiperión ;
_v316
830 0 _aPoesía Hiperión ;
_v316
_9177326
852 _aES-MaACL
_jL-21731
_bR.127215
999 _c14542
_d14542